[Event "Spring op"]
[Site "Budapest"]
[Date "1995.??.??"]
[Round "?"]
[White "Czapp, Jozsef"]
[Black "Varga, Peter"]
[Result "0-1"]
[WhiteElo "2045"]
[BlackElo "2440"]

1.Nf3 d5 2.d4 Nf6 3.c4 c6 4.Nc3 dxc4 5.a4 Bf5 6.e3 e6 7.Bxc4 Bb4 8.O-O O-O
9.Ne2 Nbd7 10.Ng3 Bg6 11.Bd2 Qa5 12.b3 c5 13.Bxb4 Qxb4 14.Qd2 Qxd2 15.Nxd2 cxd4
16.exd4 Nb6 17.Be2 Rfd8 18.a5 Nbd5 19.Bc4 Nb4 20.Nf3 a6 21.Rfd1 Rd6 22.Rd2 Rad8
23.Rad1 Nc6 24.b4 Nxb4 25.Rb2 Nc6 26.Rxb7 Nxa5 27.Rb4 Nxc4 28.Rxc4 Nd7 29.h4 Rd5
30.Ne2 Bh5 31.Rd3 Nc5 32.Rcc3 Nxd3 33.Rxd3 e5 34.Ra3 Bxf3 35.gxf3 exd4 36.Rxa6 d3
37.Nc3 d2 38.Nd1 Re5 39.Ra1 h5 40.f4 Re1+ 41.Kg2 Rc8  0-1

[Event "Budapest FS09 GM"]
[Site "Budapest"]
[Date "1995.??.??"]
[Round "1"]
[White "Touzane, Olivier"]
[Black "Acs, Peter"]
[Result "1/2-1/2"]
[WhiteElo "2250"]
[BlackElo "2375"]

1.d4 d5 2.c4 c6 3.Nc3 Nf6 4.Nf3 dxc4 5.a4 Bf5 6.e3 e6 7.Bxc4 Bb4 8.O-O Nbd7
9.Qe2 Bg6 10.e4 O-O 11.Bd3 Bh5 12.e5 Nd5 13.Nxd5 cxd5 14.Qe3 Be7 15.Ng5 Bxg5
16.Qxg5 Bg6 17.Bxg6 fxg6 18.Qg4 Rf5 19.Ra3 Rc8 20.Qd1 Rc4 21.Rd3 Nb8 22.b3 Rc7
23.f4 Nc6 24.g4 Rff7 25.Ba3 Rc8 26.Qd2 a5 27.Rc3 Nb4 28.Rxc8 Qxc8 29.Bxb4 axb4
30.Qxb4 h5 31.gxh5 Qc2 32.Qb6 Qf5 33.Qd8+ Kh7 34.hxg6+ Qxg6+ 35.Qg5 Qe4 36.Qh4+ Kg8
37.Qf2 Qg6+ 38.Qg3 Qe4 39.Qc3 Qf5 40.Qf3 Rc7 41.Kg2 Rc2+ 42.Rf2 Qg6+ 43.Kh1 Rc1+
44.Rf1 Rxf1+ 45.Qxf1 Qe4+ 46.Kg1 Qxd4+ 47.Kg2 Qb2+ 48.Qf2 Qxb3 49.Qc5 Kf7
50.a5 Kg6 51.Qe7 d4 52.Qg5+ Kf7 53.Qh5+ Ke7 54.Qg5+ Ke8 55.Qxg7 Qd5+ 56.Kf2 d3
57.Qg8+ Kd7 58.Qf7+ Kc6 59.Qe8+ Kc5 60.Qe7+ Kb5 61.Qd6 Qa2+ 62.Ke3 Qe2+ 63.Kd4 d2
64.Qc5+ Ka4 65.Qc2+ Kxa5 66.Qa2+ Kb5 67.Qb3+ Ka5 68.Qa2+ Kb5 69.Qb3+ Ka6
70.Qxe6+ b6 71.Qa2+ Kb7  1/2-1/2

[Event "Budapest FS04 GM"]
[Site "Budapest"]
[Date "1995.??.??"]
[Round "2"]
[White "Lukacs, Peter"]
[Black "Borocz, Istvan"]
[Result "1-0"]
[WhiteElo "2490"]
[BlackElo "2415"]

1.d4 d5 2.c4 c6 3.Nf3 Nf6 4.Nc3 dxc4 5.a4 Bf5 6.e3 e6 7.Bxc4 Bb4 8.O-O Nbd7
9.Qe2 O-O 10.e4 Bg4 11.Rd1 Qa5 12.h3 Bxf3 13.Qxf3 e5 14.d5 Nb6 15.Bb3 Bxc3
16.bxc3 cxd5 17.exd5 Rac8 18.c4 Nxc4 19.Bg5 Qd8 20.Rdc1 Nd6 21.Rxc8 Nxc8
22.d6 e4 23.Qg3 Nb6 24.d7 Kh8 25.Qd6 Kg8 26.a5 Na8 27.Bxf6 gxf6 28.Rc1 Qxa5
29.Rc8 Rd8 30.Qxf6  1-0

[Event "Budapest FS06 IM"]
[Site "Budapest"]
[Date "1995.??.??"]
[Round "3"]
[White "Peter, Ambrus"]
[Black "Acs, Peter"]
[Result "0-1"]
[WhiteElo "2335"]
[BlackElo "2240"]

1.d4 d5 2.c4 c6 3.Nf3 Nf6 4.Nc3 dxc4 5.a4 Bf5 6.e3 e6 7.Bxc4 Bb4 8.O-O Nbd7
9.Qe2 Bg6 10.e4 O-O 11.Bd3 Qa5 12.Bf4 Rfc8 13.Nd2 Bxc3 14.bxc3 Qxc3 15.Rfc1 Qxd4
16.Nf3 Qb4 17.Rab1 Qf8 18.Bd2 Qd6 19.Bc2 Bh5 20.Rxb7 Ne5 21.Rd1 Qa3 22.Bb3 Rab8
23.Bc1 Qc5 24.Rxb8 Rxb8 25.Bf4 Nxf3+ 26.gxf3 e5 27.Be3 Qe7 28.Bc2 h6 29.Bc1 Nh7
30.Rd3 Ng5 31.Bd1 Rb1 32.Bxg5 Qxg5+ 33.Kf1 Kh7 34.Rc3 Rc1 35.Rd3 Bg6 36.Qd2 f5
37.Qxg5 hxg5 38.exf5 Bxf5 39.Rd2 g4 40.Kg2 Rc4 41.fxg4 Bxg4 42.Bc2+ Kh6 43.f3 Bc8
44.Rd6+ Kg5 45.Be4 Bf5 46.Bxf5 Kxf5 47.Kg3 g5 48.a5 a6 49.Rd8 Rc5 50.Rf8+ Ke6
51.Rg8 Rxa5 52.Rg6+ Kd5 53.Rxg5 c5 54.f4 Ra3+ 55.Kg4 Re3 56.f5 Re4+ 57.Kf3 Rf4+
58.Ke3 a5 59.Rg2 Rxf5 60.Rd2+ Kc6 61.Ke4 Rh5 62.Ra2 a4 63.Rb2 a3 64.Ra2 Rh3
65.Kxe5 Kb5 66.Rg2 Kb4 67.Kd5 Kb3 68.Rg8 a2 69.Rb8+ Kc2 70.Ra8 Kb2  0-1

[Event "Budapest FS09 GM"]
[Site "Budapest"]
[Date "1995.??.??"]
[Round "3"]
[White "Lukacs, Peter"]
[Black "Acs, Peter"]
[Result "0-1"]
[WhiteElo "2480"]
[BlackElo "2375"]

1.d4 d5 2.c4 c6 3.Nf3 Nf6 4.Nc3 dxc4 5.a4 Bf5 6.Nh4 Bg4 7.h3 Bh5 8.g4 Bg6
9.Bg2 e6 10.O-O Nbd7 11.Nxg6 hxg6 12.e4 e5 13.Be3 Bb4 14.Qe2 O-O 15.Qxc4 a5
16.Rad1 Qe7 17.Qb3 exd4 18.Bxd4 Nc5 19.Qc4 Qe6 20.Qe2 Nb3 21.Be3 Rfe8 22.Qc2 Nc5
23.g5 Nfxe4 24.Ne2 Nxf2  0-1

[Event "Budapest FS10 IM-B"]
[Site "Budapest"]
[Date "1995.??.??"]
[Round "3"]
[White "Touzane, Olivier"]
[Black "Shurygin, Sergey"]
[Result "1-0"]
[WhiteElo "2250"]
[BlackElo "2365"]

1.d4 d5 2.c4 c6 3.Nc3 Nf6 4.Nf3 dxc4 5.a4 Bf5 6.e3 e6 7.Bxc4 Bb4 8.O-O Nbd7
9.Qe2 Bg6 10.e4 Bxc3 11.bxc3 Nxe4 12.Ba3 Qc7 13.Rfc1 O-O-O 14.Qb2 Kb8 15.a5 Ka8
16.Bf1 Rhe8 17.g3 e5 18.a6 b6 19.Bg2 Kb8 20.Re1 Nd6 21.Qb4 c5 22.dxc5 Nxc5
23.Rxe5 Be4 24.Rxe8 Nxe8 25.Nd4 Bxg2 26.Kxg2 Nd6 27.Rd1 Nxa6 28.Qa4 Kb7 29.Bxd6 Rxd6
30.Ra1 Nc5 31.Qxa7+ Kc8 32.Qxc7+ Kxc7 33.Nb5+ Kc6 34.Nxd6 Kxd6 35.Ra7 Ke6
36.Kf3 h5 37.Ke3 Nd7 38.Kd4 Kd6 39.f4 g6 40.c4 Kc6 41.Kc3 Kd6 42.Kb3 h4 43.gxh4 Nc5+
44.Kb4 Nd3+ 45.Kb5 f5 46.Kxb6 Nxf4 47.c5+ Ke5 48.c6 Nd5+ 49.Kc5 f4 50.Rd7  1-0

[Event "Budapest FS03 IM-A"]
[Site "Budapest"]
[Date "1995.??.??"]
[Round "6"]
[White "Peter, Ambrus"]
[Black "Coppini, Giorgio"]
[Result "1-0"]
[WhiteElo "2335"]
[BlackElo "2255"]

1.d4 d5 2.c4 c6 3.Nf3 Nf6 4.Nc3 dxc4 5.a4 Bf5 6.e3 e6 7.Bxc4 Bb4 8.O-O Nbd7
9.Qe2 Bg6 10.e4 Bxc3 11.bxc3 Nxe4 12.Ba3 Qc7 13.Rfc1 O-O-O 14.a5 Rhe8 15.Nh4 Nd6
16.Nxg6 hxg6 17.Bd3 e5 18.Qb2 e4 19.Bf1 Rh8 20.h3 Nf5 21.Rcb1 Nf6 22.Qe2 Rh4
23.Qe1 Rdh8 24.Ra2 Ng4 25.g3 e3 26.f4 Rxh3 27.Bxh3 Rxh3 28.Rg2 Qd8 29.Kf1 Rh1+
30.Rg1 Qh8 31.Rxh1 Qxh1+ 32.Ke2 Qg2+ 33.Kd3 Nxg3 34.c4 Nf2+ 35.Kc3 Nfe4+
36.Kb4 Qd2+ 37.Qxd2 exd2 38.a6 bxa6 39.Rd1 Nf5  1-0

[Event "HUN-ch (Women)"]
[Site "Budapest"]
[Date "1995.??.??"]
[Round "6"]
[White "Csonkics, Tunde"]
[Black "Medvegy, Nora"]
[Result "1/2-1/2"]
[WhiteElo "2280"]
[BlackElo "2235"]

1.d4 d5 2.c4 c6 3.Nc3 Nf6 4.Nf3 dxc4 5.a4 Bf5 6.e3 e6 7.Bxc4 Bb4 8.O-O Nbd7
9.Qe2 Bg6 10.e4 Bxc3 11.bxc3 Nxe4 12.Ba3 Nb6 13.Bb3 Qc7 14.Rfc1 O-O-O 15.Ne5 Nf6
16.a5 Nbd5 17.a6 b6 18.Ba4 Bh5 19.f3 Nf4 20.Qf1 b5 21.Bb3 Nd7 22.Nxd7 Qxd7
23.Bc5 Bg6 24.Rd1 Nd5 25.Qe1 Qc7 26.c4 bxc4 27.Bxc4 Nb6 28.Bf1 Kb8 29.Rdc1 Ka8
30.Qc3 Rc8 31.Bd3 Rhd8 32.Be4 Nd5 33.Qe1 Rb8 34.Bxd5 Rxd5 35.Qe3 Rdd8 36.Ra3 Rb5
37.Rac3 Rb1 38.Rxb1 Bxb1 39.Rb3 Rb8 40.Rc3 Bf5 41.Rc1 Rb5 42.g4 Rb2 43.Qe5 Qxe5
44.dxe5 Rb1 45.Rxb1 Bxb1 46.Kf2 Bd3 47.Ke3 Bxa6 48.Bf8 g6 49.Bb4 Kb7 50.Kd4 Be2
51.g5 Kb6 52.Bc5+ Kb7 53.Bb4 Kb6 54.Bc5+ Kb5 55.Bxa7 Bxf3 56.Bc5 Bg2 57.h4 Bf3
58.Be7 Ka4 59.Kc3 Kb5 60.Kd4 Ka5 61.Bc5  1/2-1/2

[Event "Budapest FS03 IM-A"]
[Site "Budapest"]
[Date "1995.??.??"]
[Round "6"]
[White "Schoene, Ralf"]
[Black "Acs, Peter"]
[Result "1/2-1/2"]
[WhiteElo "2355"]
[BlackElo "2240"]

1.d4 d5 2.c4 c6 3.Nf3 Nf6 4.Nc3 dxc4 5.a4 Bf5 6.Ne5 e6 7.f3 Bb4 8.e4 Bxe4
9.fxe4 Nxe4 10.Bd2 Qxd4 11.Nxe4 Qxe4+ 12.Qe2 Bxd2+ 13.Kxd2 Qd5+ 14.Kc2 Na6
15.Nxc4 O-O-O 16.Qe5 f6 17.Qxd5 cxd5 18.Na3 Nb4+ 19.Kc3 a5 20.g3 Kd7 21.Bh3 h5
22.Nb5 Rc8+ 23.Kb3 Nd3 24.Rhd1 Nc5+ 25.Ka3 f5 26.Bxf5 exf5 27.Rxd5+ Ke6 28.Rd6+ Kf7
29.Rb6 Rc6 30.Rxc6 bxc6 31.Rc1 Ne4 32.Nd4 g6 33.Nxc6 h4 34.Nxa5 hxg3 35.hxg3 Nxg3
36.Nc4 f4 37.a5 Ke6 38.b4 f3 39.a6 f2 40.Nd2 Kd6 41.b5 Ne2 42.Rc6+ Kd7 43.Rf6 Nc3
44.b6 Ke7 45.Rxf2 Ra8 46.a7 Nd5 47.Re2+ Kd8 48.Nc4 Nxb6 49.Nxb6 Rxa7+ 50.Kb4 Re7
51.Rd2+ Ke8 52.Kc5 Kf7 53.Nd5 Ra7 54.Rf2+ Kg7 55.Kd6 Ra6+ 56.Ke5 Ra1 57.Nf4 Ra5+
58.Nd5 Ra1 59.Nc7 Ra5+ 60.Kd6 Rf5 61.Rb2 g5 62.Nd5 Rf1 63.Nc3 Kg6 64.Ne4 Rf5
65.Rb6 Ra5 66.Ke6 Kh5 67.Nf6+ Kg6 68.Rc6 Rb5 69.Ra6 Rb1 70.Ng4 Kh5 71.Ne5 g4
72.Ra8 g3 73.Rg8 Kh4 74.Kf5 Rf1+ 75.Ke4 Kh3 76.Nd3 Kg2 77.Ke3 Rf3+ 78.Ke2 Rf7
79.Ne1+ Kh2 80.Rh8+ Kg1 81.Nf3+ Kg2 82.Nh4+ Kg1 83.Rg8 Rf2+ 84.Ke3 g2 85.Rb8 Kh1  1/2-1/2

[Event "Budapest FS04 IM"]
[Site "Budapest"]
[Date "1995.??.??"]
[Round "9"]
[White "Kahn, Evarth"]
[Black "Orso, Miklos"]
[Result "1/2-1/2"]
[WhiteElo "2400"]
[BlackElo "2380"]

1.d4 d5 2.c4 c6 3.Nf3 Nf6 4.Nc3 dxc4 5.a4 Bf5 6.e3 e6 7.Bxc4 Bb4 8.O-O Nbd7
9.Qe2 Bg6 10.Rd1 Qe7 11.Na2 a5 12.Bd2 Bxd2 13.Rxd2 Ne4 14.Rdd1 O-O 15.Nc3 Nxc3
16.bxc3 e5 17.Ra2  1/2-1/2

[Event "Budapest FS10 IM-B"]
[Site "Budapest"]
[Date "1995.??.??"]
[Round "9"]
[White "Krutti, Valer"]
[Black "Hetey, Laszlo"]
[Result "1/2-1/2"]
[WhiteElo "2355"]
[BlackElo "2290"]

1.d4 d5 2.Nf3 Nf6 3.c4 c6 4.Nc3 dxc4 5.a4 Bf5 6.Ne5 Nbd7 7.Nxc4 Nb6 8.Ne5 e6
9.a5 Nbd7 10.a6 Qc7 11.axb7 Qxb7 12.Nc4 Bb4 13.e3 O-O 14.Be2 Ne4 15.Bd2 Nxd2
16.Qxd2 Nb6 17.Ne5 f6 18.Ba6 Qc7 19.Nd3 Bd6 20.Rc1 Qe7 21.O-O Rad8 22.e4 Bg6
23.Qe3 Bb8 24.g3 Qd6 25.Ne2 Bh5 26.Nc5 Rde8 27.Nf4 Bf7 28.Nfd3 e5 29.dxe5 fxe5
30.Nb7 Qd4 31.Qxd4 exd4 32.f3 Re6 33.Na5 Be8 34.Bb7 Ref6 35.Kg2 c5 36.Rxc5 Bd6
37.e5 Bxc5 38.exf6 Bd6 39.fxg7 Kxg7 40.Nb3 Bb5 41.Rd1 Nc4 42.Kf2 Ba4 43.Ndc1 Rb8
44.Bd5 Bxb3 45.Nxb3 Rxb3 46.Bxc4 Rxb2+ 47.Be2 Bb4 48.f4 a5 49.Kf3 Bc3 50.Bd3 Rxh2
51.Rb1 h5 52.Rb7+ Kf8 53.Rh7 a4 54.f5 Be1 55.Bc4 d3 56.Ke4 Rf2 57.Bxd3 a3
58.Ra7 a2 59.Bc4 Rc2 60.Bxa2 Bxg3 61.f6 Bb8 62.Ra8 Rb2 63.Be6 h4 64.Kd5 Rb6
65.Kd4 Rxe6  1/2-1/2

[Event "Buenos Aires VII Najdorf op"]
[Site "Buenos Aires"]
[Date "1995.??.??"]
[Round "3"]
[White "Schuster, Carlos"]
[Black "Gomez Baillo, Jorge H"]
[Result "0-1"]
[WhiteElo "2310"]
[BlackElo "2415"]

1.d4 d5 2.c4 c6 3.Nc3 Nf6 4.Nf3 dxc4 5.a4 Bf5 6.e3 e6 7.Bxc4 Bb4 8.O-O Nbd7
9.Qb3 Qb6 10.Nh4 O-O 11.Rd1 Bg4 12.f3 Bh5 13.g4 Bg6 14.Nxg6 hxg6 15.Qc2 a5
16.g5 Ne8 17.Kh1 Nd6 18.Ba2 Rad8 19.f4 c5 20.d5 e5 21.Ne4 exf4 22.exf4 Rfe8
23.Ng3 Be1 24.Bd2 Bxd2 25.Rxd2 Re3 26.Rf1 Qb4 27.f5 Qh4 28.Rg2 Qh3 29.Kg1 Ne5
30.Qxc5 Nf3+ 31.Kh1 Nh4 32.Rgf2 Rxg3 33.Qc7 Rc8 34.Qxd6 Rf3  0-1

[Event "Buenos Aires Clarin op"]
[Site "Buenos Aires"]
[Date "1995.??.??"]
[Round "5"]
[White "Ricardi, Pablo"]
[Black "Campora, Daniel H"]
[Result "1/2-1/2"]
[WhiteElo "2530"]
[BlackElo "2525"]

1.d4 d5 2.c4 c6 3.Nf3 Nf6 4.Nc3 dxc4 5.a4 Bf5 6.e3 e6 7.Bxc4 Bb4 8.O-O O-O
9.Qb3 Qe7 10.a5 c5 11.dxc5 Bxc5 12.h3 Nc6 13.Nh4 Rad8 14.Nxf5 exf5 15.Nd5 Nxd5
16.Bxd5 Bb4 17.a6 Na5 18.Rxa5 Bxa5 19.axb7 Qb4 20.Qxb4 Bxb4 21.e4 fxe4 22.Bxe4 Rfe8
23.Bc6 Re6 24.Bg5 Be7 25.Bxe7 Rb8 26.Ra1 Rxc6 27.Rxa7 Rb6 28.Ba3 f6 29.Ra5 R8xb7
30.Rc5 Rb3 31.g3 Kf7 32.Kg2 g5 33.Rc4 Rd7 34.h4 h6 35.hxg5 hxg5 36.Rc2 Kg6
37.Rc6 Kf5 38.Rc5+ Ke4 39.Rc6 Ke5 40.Rc5+ Rd5 41.Rc2 Kf5 42.Bc5 Kg4 43.Rc4+ Kh5
44.Bd4 Kg6 45.Bc3 Rb6 46.Rc8 Re6 47.Rg8+ Kf5 48.Ra8 Ke4 49.Ra1 Kd3 50.Rd1+ Kc4
51.Rc1 Kb3 52.Ra1 f5 53.Ra8 g4 54.Ra5 Rxa5 55.Bxa5 Kxb2 56.Bc7 Kc2 57.Bb8 Ra6
58.Bc7 Kd3 59.Bb8 Ke2 60.Be5  1/2-1/2

[Event "Buenos Aires Clarin op"]
[Site "Buenos Aires"]
[Date "1995.??.??"]
[Round "6"]
[White "Quinteros, Miguel A"]
[Black "Soppe, Guillermo"]
[Result "1-0"]
[WhiteElo "2505"]
[BlackElo "2445"]

1.d4 d5 2.c4 c6 3.Nc3 Nf6 4.Nf3 dxc4 5.a4 Bf5 6.Ne5 Na6 7.e3 Nb4 8.Bxc4 e6
9.O-O Be7 10.Qe2 O-O 11.e4 Bg6 12.Rd1 a5 13.Bf4 Re8 14.h3 Nd7 15.Be3 Bf8
16.f4 Qc7 17.Qf2 Nxe5 18.dxe5 h6 19.Bb6 Qc8 20.Rd2 Kh8 21.Rad1 Be7 22.Rd7 Nd5
23.exd5 Qxd7 24.dxe6 Qc8 25.f5 fxe6 26.fxg6 Rf8 27.Qe2 Rf5 28.Rf1 Qe8 29.Rxf5 exf5
30.Qh5 c5 31.Qxf5 Qc6 32.Qe6  1-0

[Event "Buenos Aires op"]
[Site "Buenos Aires"]
[Date "1995.??.??"]
[Round "9"]
[White "Spangenberg, Hugo"]
[Black "German, Sergio"]
[Result "1-0"]
[WhiteElo "2500"]
[BlackElo "2275"]

1.Nf3 Nf6 2.c4 c6 3.d4 d5 4.Nc3 dxc4 5.a4 Bf5 6.e3 e6 7.Bxc4 Bb4 8.O-O Nbd7
9.Qe2 Bg6 10.h3 O-O 11.Bd2 Qe7 12.a5 Ne4 13.Nxe4 Bxe4 14.Bc3 Rfe8 15.Nd2 Bg6
16.f4 f5 17.Qe1 Bd6 18.Nf3 Nf6 19.Kh2 Nd5 20.Rg1 Rf8 21.Qd2 Kh8 22.Ne1 b5
23.Bxd5 cxd5 24.Nd3 Be8 25.Bb4 g5 26.g3 Rg8 27.Rac1 Bd7 28.Bxd6 Qxd6 29.Ne5 Be8
30.Qc3 gxf4 31.gxf4 Bh5 32.Qc5 Qd8 33.Qc7 Qf6 34.Nd7 Qe7 35.Qe5+ Rg7 36.Rxg7 Qxg7
37.Nf6 Bf7 38.Rc7 h5 39.Nxd5 exd5 40.Rxf7  1-0

[Event "CAN-ch"]
[Site "CAN"]
[Date "1995.??.??"]
[Round "7"]
[White "Taylor, Gordon"]
[Black "Leveille, Francois"]
[Result "1/2-1/2"]
[WhiteElo "2320"]
[BlackElo "2360"]

1.d4 d5 2.c4 c6 3.Nf3 Nf6 4.Nc3 dxc4 5.a4 Bf5 6.e3 e6 7.Bxc4 Bb4 8.O-O O-O
9.Qe2 Nbd7 10.Rd1 Bg6 11.Bd3 Bh5 12.e4 e5 13.Be3 Re8 14.Rac1 Qe7 15.Bb1 exd4
16.Bxd4 Ne5 17.Bxe5 Bxf3 18.Bxf6 Bxe2 19.Bxe7 Bxc3 20.Rd7 Bxb2 21.Rc2 Bg4
22.Rxb7 Be5 23.Bc5 Rad8 24.Rc1 Bf4 25.Be3 Bxe3 26.fxe3 Rd7 27.Rb4 Rc7 28.Rc5 Kf8
29.Ba2 Rd7 30.Bb3 Be6 31.Bc2 Rc8 32.Kf2 Rd2+ 33.Kf3 Rc7 34.h3 Ke7 35.Rd4 Rxd4
36.exd4 Kd6 37.e5+ Kd7 38.Be4 Bb3 39.a5 Ba4 40.Rc4 Bb5 41.Rc5 a6 42.Kf4 Ra7
43.h4 h6 44.g4 Ba4 45.Bd3 Bb5 46.Bf5+ Ke7 47.Be4 Kd7 48.g5 hxg5+ 49.Kxg5 Ba4
50.Bd3 Bb5 51.Bf5+ Ke7 52.Be4 Kd7 53.h5 Ba4 54.Bd3 Ke7 55.Be4 Rd7 56.Bxc6 Rxd4
57.Bxa4 Rxa4 58.Kf5 Kd7 59.Rd5+ Ke7 60.Rc5  1/2-1/2

[Event "Cannes Martinez"]
[Site "Cannes"]
[Date "1995.??.??"]
[Round "1"]
[White "Chabanon, Jean Luc"]
[Black "Palac, Mladen"]
[Result "0-1"]
[WhiteElo "2445"]
[BlackElo "2545"]

1.d4 d5 2.c4 c6 3.Nf3 Nf6 4.Nc3 dxc4 5.a4 Bf5 6.e3 e6 7.Bxc4 Bb4 8.O-O Nbd7
9.Qe2 Bg6 10.e4 O-O 11.Bd3 Bh5 12.e5 Nd5 13.Ne4 Be7 14.Ng3 Bg6 15.Bxg6 fxg6
16.Ne4 h6 17.Bd2 g5 18.Rfc1 a5 19.Ne1 Qb6 20.Qg4 Kh8 21.Nf3 c5 22.Bxg5 Rxf3
23.Qxf3 hxg5 24.dxc5 Qc6 25.Qh5+ Kg8 26.Nxg5 Bxg5 27.Qxg5 Rf8 28.Rc4 Rf5
29.Qd8+ Kf7 30.Re1 Nxe5 31.Rce4 Qxc5 32.Qh4 Nd3 33.Rf1 Nxf2 34.Rd4 Nf4 35.h3  0-1

[Event "Cannes Martinez op"]
[Site "Cannes"]
[Date "1995.??.??"]
[Round "2"]
[White "Poesson, Thierry"]
[Black "Blandnet, Jean Marie"]
[Result "1/2-1/2"]
[WhiteElo "2080"]
[BlackElo "2175"]

1.d4 Nf6 2.c4 c6 3.Nc3 d5 4.Nf3 dxc4 5.a4 Bf5 6.e3 e6 7.Bxc4 Bb4 8.O-O O-O
9.Qe2 Nbd7 10.h3 a5 11.Bd2 Rc8 12.Rfc1 Bg6 13.Na2 Bd6 14.Qe1 Ra8 15.Nc3 e5
16.dxe5 Nxe5 17.Nxe5 Bxe5 18.f4 Bc7 19.Qf2 Bd3 20.Bb3 Qe7 21.Re1 Bb6 22.Bd1 Rad8
23.Bf3 Rfe8 24.g4 Rd6 25.Qg2 Ne4 26.Nxe4 Bxe4 27.Bc3 f6 28.Bxe4 Qxe4 29.Qxe4 Rxe4
30.Kg2 Rd3 31.g5 Kf7 32.gxf6 gxf6 33.Rad1 Rxd1 34.Rxd1 Ke6 35.f5+ Ke7 36.Re1 Rxa4
37.Kf3 Rh4 38.Kg3 Rc4 39.Kf3 Bc7 40.Rg1 Kf7 41.Rd1 Ke7 42.Rg1 Kf7  1/2-1/2

[Event "Cannes op"]
[Site "Cannes"]
[Date "1995.??.??"]
[Round "3"]
[White "Kalantarian, Norik"]
[Black "Solozhenkin, Evgeniy"]
[Result "1/2-1/2"]
[WhiteElo "2460"]
[BlackElo "2480"]

1.d4 d5 2.c4 c6 3.Nf3 Nf6 4.Nc3 dxc4 5.a4 Bf5 6.g3 e6 7.Ne5 Bb4 8.Bg2 Be4
9.f3 Bg6 10.e4 c5 11.dxc5 Qa5 12.Qd4 Bxc5 13.Qxc4  1/2-1/2

[Event "Cannes op"]
[Site "Cannes"]
[Date "1995.??.??"]
[Round "7"]
[White "Kalantarian, Norik"]
[Black "Kinsman, Andrew PH"]
[Result "1-0"]
[WhiteElo "2460"]
[BlackElo "2355"]

1.d4 d5 2.c4 c6 3.Nf3 Nf6 4.Nc3 dxc4 5.a4 Bf5 6.Ne5 e6 7.f3 Bb4 8.e4 Bxe4
9.fxe4 Nxe4 10.Bd2 Qxd4 11.Nxe4 Qxe4+ 12.Qe2 Bxd2+ 13.Kxd2 Qd5+ 14.Kc2 Na6
15.Nxc4 O-O-O 16.Qe3 Nc5 17.Be2 Qxg2 18.Rhg1 Qxh2 19.b4 Nd3 20.Rh1 Qf2 21.Qxf2 Nxf2
22.Rhf1 Ne4 23.Rxf7 Rd7 24.Rf4 Nf6 25.Kb3 Kc7 26.Re1 Re8 27.Bf1 Rde7 28.Ne5 Nd7
29.Nxd7 Rxd7 30.Rfe4 Rde7 31.Re5 Kd6 32.Bh3 Kd7 33.R1e3 Kd6 34.Kc3 Kd7 35.Ra5 Ra8
36.Kd4 Kd6 37.Ke4 b6 38.Ra6 e5 39.b5 cxb5 40.axb5 Kc5 41.Bf1 Rf8 42.Rc3+ Kb4
43.Rc1 Rf2 44.Raa1 Rb2 45.Rc4+ Kb3 46.Rca4 Rb1 47.Bc4+ Kb2 48.R1a2+ Kc1 49.Kd3  1-0

[Event "Cannes Martinez op"]
[Site "Cannes"]
[Date "1995.??.??"]
[Round "8"]
[White "Bernard, Christophe"]
[Black "Varga, Peter"]
[Result "1-0"]
[WhiteElo "2315"]
[BlackElo "2415"]

1.d4 d5 2.c4 c6 3.Nf3 Nf6 4.Nc3 dxc4 5.a4 Bf5 6.e3 e6 7.Bxc4 Bb4 8.O-O O-O
9.Qe2 Bg4 10.Rd1 Nbd7 11.e4 Qc7 12.e5 Nd5 13.Nxd5 exd5 14.Bd3 f6 15.e6 Rfe8
16.Bxh7+ Kxh7 17.Qd3+ Kg8 18.exd7 Qxd7 19.Bd2 Bd6 20.Re1 Bf5 21.Qb3 Be4 22.h3 Re6
23.Nh2 Rae8 24.Nf1 Bb8 25.f3 Bf5 26.Rxe6 Bxe6 27.Re1 Kf7 28.Kf2 Qc7 29.Qc3 Rh8
30.b4 Qb6 31.Qe3 Re8 32.a5 Qb5 33.Qe2 Qa4 34.Qd3 Bd6 35.Qh7 Re7 36.Bh6 Bxb4
37.Re3 Ke8 38.Bxg7 Kd7 39.Qg6 Qxa5 40.Bxf6 Re8 41.f4 Qa2+ 42.Kg1 Rg8 43.Bg7 Kc7
44.Qxe6 Ra8 45.f5 Qb2 46.Be5+ Kb6 47.Bd6 Qxd4 48.Bxb4 Qxb4 49.f6 a5 50.f7 a4
51.Qe8 Qf8 52.Qxa8 Qxa8 53.Re8 Qa5 54.f8=Q a3 55.Ra8  1-0

[Event "Cappelle op"]
[Site "Cappelle la Grande"]
[Date "1995.??.??"]
[Round "5"]
[White "Novikov, Igor A"]
[Black "Kirov, Nino"]
[Result "1/2-1/2"]
[WhiteElo "2590"]
[BlackElo "2455"]

1.d4 d5 2.c4 c6 3.Nf3 Nf6 4.Nc3 dxc4 5.a4 Bf5 6.Ne5 Nbd7 7.Nxc4 Nb6 8.Ne5 a5
9.f3 Nfd7 10.Nd3 Bxd3 11.Qxd3  1/2-1/2

[Event "Castellar op"]
[Site "Castellar"]
[Date "1995.??.??"]
[Round "?"]
[White "Comas Fabrego, Luis"]
[Black "Bermejo, Luis"]
[Result "1-0"]
[WhiteElo "2490"]
[BlackElo "2160"]

1.d4 d5 2.c4 c6 3.Nf3 Nf6 4.Nc3 dxc4 5.a4 Bf5 6.e3 e6 7.Bxc4 Bb4 8.O-O Nbd7
9.Qe2 Bg6 10.e4 O-O 11.Bd3 Qe7 12.Bf4 Bh5 13.e5 Nd5 14.Bd2 Nxc3 15.bxc3 Ba5
16.Qe3 c5 17.Ng5 Bg6 18.Bxg6 fxg6 19.Qh3 h6 20.Nxe6 Rfe8 21.d5 Nxe5 22.Rae1 Nc4
23.Bxh6 gxh6 24.Qd3 Qf6 25.Qxc4 Bxc3 26.Rb1 Rab8 27.Qxc5 b6 28.Qe3 h5 29.Rbc1 Be5
30.Rfe1 Rbc8 31.g3 Bd6 32.h4 Bc5 33.Qd2 Bd6 34.Qd3 Kh8 35.Kg2 Kh7 36.Rxc8 Rxc8
37.Ng5+  1-0

[Event "Clichy"]
[Site "Clichy"]
[Date "1995.??.??"]
[Round "?"]
[White "David, Alberto"]
[Black "Relange, Eloi"]
[Result "1/2-1/2"]
[WhiteElo "2465"]
[BlackElo "2455"]

1.d4 d5 2.Nf3 Nf6 3.c4 c6 4.Nc3 dxc4 5.a4 Bf5 6.e3 e6 7.Bxc4 Bb4 8.O-O Nbd7
9.Qe2 O-O 10.Rd1 Bg6 11.h3 Qe7 12.Nh4 Rfd8 13.Nxg6 hxg6 14.Qc2 Rac8 15.b3 Nb6
16.Na2 Bd6 17.a5 Nxc4 18.bxc4 c5 19.Ba3 cxd4 20.Bxd6 Qxd6 21.exd4 Qa6 22.c5 Nd5
23.Qd2 Ne7 24.Nb4 Qb5 25.Qc3 e5 26.dxe5 Rxd1+ 27.Rxd1 Rxc5 28.Qd4 Nf5 29.Qd8+ Kh7
30.Nd5 Qe2 31.Nf4 Qe4 32.e6 fxe6 33.Qg5 Ne3 34.Qxc5 Nxd1 35.Qg5  1/2-1/2

[Event "Copenhagen op17"]
[Site "Copenhagen"]
[Date "1995.??.??"]
[Round "2"]
[White "Ward, Christopher"]
[Black "Holmsgaard, Henrik"]
[Result "1-0"]
[WhiteElo "2485"]
[BlackElo "2275"]

1.d4 d5 2.c4 c6 3.Nc3 Nf6 4.Nf3 dxc4 5.a4 Bf5 6.Ne5 Nbd7 7.Nxc4 Qc7 8.g3 e5
9.dxe5 Nxe5 10.Bf4 Nfg4 11.Nxe5 Nxe5 12.Qd4 f6 13.Bg2 Be7 14.a5 a6 15.O-O O-O
16.Na4 Rad8 17.Qc3 Qd6 18.Qb3+ Be6 19.Qxb7 Bc4 20.Bxe5 Qxe5 21.Qxc6 Bxe2
22.Rfe1 Bb4 23.Nc3 Bxc3 24.bxc3 Bb5 25.Rxe5 Bxc6 26.Re6 Bb5 27.Bf1 Bxf1 28.Kxf1 Rd2
29.Rxa6 Rc8 30.Re6 Rxc3 31.a6 Kf7 32.a7 Rc8 33.Rb6 Rdd8 34.Rb7+ Kg6 35.Rab1  1-0

[Event "Copenhagen op17"]
[Site "Copenhagen"]
[Date "1995.??.??"]
[Round "6"]
[White "Schmied, Andreas"]
[Black "Holmsgaard, Henrik"]
[Result "0-1"]
[WhiteElo "2150"]
[BlackElo "2275"]

1.d4 d5 2.Nf3 Nf6 3.c4 c6 4.Nc3 dxc4 5.a4 Bf5 6.Ne5 Nbd7 7.Nxc4 Qc7 8.g3 e5
9.dxe5 Nxe5 10.Bf4 Nfg4 11.Nxe5 Nxe5 12.Qd4 f6 13.a5 a6 14.Bg2 Rd8 15.Qa4 Bc5
16.O-O O-O 17.Rad1 Qf7 18.Ne4 Be7 19.b3 Be6 20.Rb1 Qh5 21.Bxe5 Qxe5 22.Rfd1 Rxd1+
23.Rxd1 f5 24.f4 Qb2 25.Nf2 Bxb3 26.Qa1 Qxe2 27.Re1 Bf6 28.Qc1 Qc4 29.Qb1 Bd4
30.Rc1 Bxf2+ 31.Kxf2 Qd4+  0-1

[Event "Copenhagen op17"]
[Site "Copenhagen"]
[Date "1995.??.??"]
[Round "8"]
[White "Auchenberg, Per"]
[Black "Karlsson, Agust S"]
[Result "1-0"]
[WhiteElo "2215"]
[BlackElo "2315"]

1.d4 d5 2.Nf3 Nf6 3.c4 c6 4.Nc3 dxc4 5.a4 Bf5 6.Ne5 e6 7.Nxc4 Bb4 8.Bg5 c5
9.dxc5 Qd5 10.Bxf6 gxf6 11.Qxd5 exd5 12.Nd6+ Kd7 13.Nxf5 Nc6 14.O-O-O  1-0

[Event "Copenhagen op17"]
[Site "Copenhagen"]
[Date "1995.??.??"]
[Round "8"]
[White "Ward, Christopher"]
[Black "Jelling, Erik"]
[Result "1/2-1/2"]
[WhiteElo "2485"]
[BlackElo "2415"]

1.d4 d5 2.c4 c6 3.Nc3 Nf6 4.Nf3 dxc4 5.a4 Bf5 6.Ne5 e6 7.f3 Bb4 8.e4 Bxe4
9.fxe4 Nxe4 10.Bd2 Qxd4 11.Nxe4 Qxe4+ 12.Qe2 Bxd2+ 13.Kxd2 Qd5+ 14.Kc2 Na6
15.Nxc4 O-O-O 16.Qe3 Nc5 17.Be2 Qxg2 18.Rhg1 Qxh2 19.b4 Na6 20.Kb3 Rd5 21.Rxg7 Rf5
22.Bd3 Rf2 23.b5 Nb8 24.Rd1 Rd8 25.Rxh7 Qf4 26.Qxa7 Rf3 27.Nb6+ Kc7 28.Na8+ Kc8
29.Nb6+ Kc7 30.Na8+ Kc8 31.Nb6+  1/2-1/2

[Event "Copenhagen op17"]
[Site "Copenhagen"]
[Date "1995.??.??"]
[Round "10"]
[White "Ward, Christopher"]
[Black "Bjerring, Kai"]
[Result "1-0"]
[WhiteElo "2485"]
[BlackElo "2370"]

1.d4 d5 2.c4 c6 3.Nc3 Nf6 4.Nf3 dxc4 5.a4 Bf5 6.Ne5 e6 7.f3 Bb4 8.e4 Bxe4
9.fxe4 Nxe4 10.Bd2 Qxd4 11.Nxe4 Qxe4+ 12.Qe2 Bxd2+ 13.Kxd2 Qd4+ 14.Kc2 Na6
15.Rd1 Nb4+ 16.Kb1 Nd3 17.Nxd3 cxd3 18.Qxd3 Qxd3+ 19.Rxd3 Rd8 20.Rb3 Rd7
21.Be2 Ke7 22.a5 f5 23.Rc1 Rc8 24.Bf3 e5 25.a6 bxa6 26.Bxc6 Rdc7 27.Rbc3 Kd6
28.Bf3 Rxc3 29.bxc3 Kc5 30.Kc2 g5 31.Ra1 g4 32.Be2 Rc6 33.Ra5+ Kd6 34.Bxa6  1-0

[Event "Cordoba op"]
[Site "Cordoba"]
[Date "1995.??.??"]
[Round "?"]
[White "Izeta Txabarri, Felix"]
[Black "Maki Uuro, Miikka"]
[Result "1-0"]
[WhiteElo "2495"]
[BlackElo "2280"]

1.d4 d5 2.c4 c6 3.Nf3 Nf6 4.Nc3 dxc4 5.a4 Bf5 6.e3 e6 7.Bxc4 Bb4 8.O-O Nbd7
9.Qe2 Bg6 10.e4 Bxc3 11.bxc3 Nxe4 12.Ba3 Qc7 13.Rfe1 O-O-O 14.Qb2 Rhe8 15.Rab1 e5
16.Nh4 exd4 17.Nxg6 hxg6 18.Bxf7 dxc3 19.Qc2 Ndc5 20.Bxc5 Qxf7 21.Rxe4 Rxe4
22.Qxe4 Qd5 23.Qg4+ Rd7 24.Be3 c2 25.Rc1 Qd3 26.g3 b5 27.axb5 cxb5 28.h4 a5
29.Qe6 Qd6 30.Qe4 Qc7 31.Bf4  1-0